All Liverpool Players (2024/25) - Statistics

General Stats
  • This quiz has been taken 40 times
  • The average score is 21 of 30
Answer Stats
Hint Answer % Correct
Right-Wing / Egypt (89 ovr) Mohamed Salah
100%
Striker / Netherlands (83 ovr) Cody Gakpo
97%
Centre-Back / Netherlands (89 ovr) Virgil Van Dijk
97%
Centre-Midfield / Hungary (81 ovr) Dominik Szoboszlai
94%
Right-Back / England (86 ovr) Trent Alexander-Arnold
94%
Left-Back / Scotland (85 ovr) Andrew Robertson
90%
Striker / Uruguay (82 ovr) Darwin Nunez
90%
Left-Wing / Colombia (84 ovr) Luis Diaz
90%
Centre-Attacking-Midfield / Argentina (86 ovr) Alexis Mac Allister
87%
Goalkeeper / Brazil (89 ovr) Alisson Becker
87%
Centre-Forward / Portugal (85 ovr) Diogo Jota
87%
Left-Wing / Italy (84 ovr) Federico Chiesa
87%
Centre-Midfield / Netherlands (78 ovr) Ryan Gravenberch
87%
Centre-Midfield / Japan (80 ovr) Wataru Endo
87%
Centre-Back / France (81 ovr) Ibrahima Konate
84%
Goalkeeper / Ireland (77 ovr) Caoimhin Kelleher
77%
Centre-Attacking-Midfield / England (78 ovr) Hervey Elliott
77%
Left-Back / Greece (77 ovr) Konstantinos Tsimikas
77%
Right-Back / Northern Ireland (75 ovr) Conor Bradley
74%
Centre-Midfield / England (79 ovr) Curtis Jones
71%
Centre-Back / England (80 ovr) Joe Gomez
71%
Left-Back / Wales (69 ovr) Owen Beck
61%
Centre-Back / England (75 ovr) Jarell Quansah
58%
Goalkeeper / Czech Republic (68 ovr) Vítězslav Jaroš
52%
Centre-Defensive-Midfield / Spain (72 ovr) Stefan Bajcetic
26%
Centre-Defensive-Midfield / England (72 ovr) Tyler Morton
23%
Left-Back / England (59 ovr) James Norris
13%
Centre-Back / England (71 ovr) Nathaniel Philips
10%
Goalkeeper / Brazil (57 ovr) Marcelo Pitaluga
6%
Centre-Midfield / England (61 ovr) James Balagizi
0%
No matching quizzes found
Score Distribution
Percent of People with Each Score
Percentile by Number Answered
Your Score History
You have not taken this quiz